[Event "RUS-chT 30th"]
[Site "Sochi"]
[Date "2023.05.08"]
[Round "7.3"]
[White "Shchukin, Maksim"]
[Black "Siniauski, Artsiom"]
[Result "1-0"]
[WhiteElo "2371"]
[BlackElo "2247"]
[PlyCount "81"]
[EventDate "2023.05.01"]
[EventType "team-tourn"]
[EventRounds "9"]
[EventCountry "RUS"]
[SourceTitle "CBM 214 Extra"]
[Source "ChessBase"]
[SourceDate "2023.07.31"]
[SourceVersion "1"]
[SourceVersionDate "2023.07.31"]
[SourceQuality "1"]
[WhiteTeam "St Petersburg SSHOR"]
[BlackTeam "Belarus"]
[WhiteTeamCountry "RUS"]
[BlackTeamCountry "BLR"]

1. Nf3 Nf6 2. c4 b6 3. g3 Bb7 4. Bg2 c5 5. 0-0 g6 6. Nc3 Bg7 7. d4 cxd4 8. Qxd4 Nc6 9. Qd3 0-0 10. e4 Rc8 11. Bd2 Ng4 12. Qe2 a6 13. Rac1 d6 14. b3 Nge5 15. Be3 Nxf3+ 16. Qxf3 Ne5 17. Qe2 Nd7 18. Qd2 Nc5 19. Bd4 Bc6 20. Bxg7 Kxg7 21. Rfd1 Qd7 22. b4 Ne6 23. Nd5 Qb7 24. Qe3 Bxd5 25. cxd5 Rxc1 26. Rxc1 Nd8 27. Rc4 e5 28. Qc3 Qd7 29. Rc7 Qg4 30. Bf3 Qg5 31. h4 Qf6 32. Be2 h5 33. Qe3 b5 34. Qg5 Re8 35. Rd7 Qxg5 36. hxg5 h4 37. gxh4 Rh8 38. f3 Rg8 39. Kf2 Rh8 40. Kg3 Rg8 41. Rxd6 1-0

[Event "RUS-chT 30th"]
[Site "Sochi"]
[Date "2023.05.02"]
[Round "2.5"]
[White "Shchukin, Maksim"]
[Black "Afanasiev, Nikita"]
[Result "0-1"]
[WhiteElo "2371"]
[BlackElo "2530"]
[PlyCount "84"]
[EventDate "2023.05.01"]
[EventType "team-tourn"]
[EventRounds "9"]
[EventCountry "RUS"]
[SourceTitle "CBM 214 Extra"]
[Source "ChessBase"]
[SourceDate "2023.07.31"]
[SourceVersion "1"]
[SourceVersionDate "2023.07.31"]
[SourceQuality "1"]
[WhiteTeam "St Petersburg SSHOR"]
[BlackTeam "Moscow KPRF"]
[WhiteTeamCountry "RUS"]
[BlackTeamCountry "RUS"]

1. e4 e5 2. Nf3 Nc6 3. Bb5 a6 4. Ba4 Nf6 5. 0-0 b5 6. Bb3 Bc5 7. d3 d6 8. c3 0-0 9. Re1 h6 10. Nbd2 Be6 11. Nf1 d5 12. exd5 Nxd5 13. Nxe5 Bxf2+ 14. Kxf2 Nxe5 15. Kg1 Qf6 16. d4 Nc4 17. Nd2 Rfe8 18. Nxc4 bxc4 19. Bxc4 Nxc3 20. bxc3 Bxc4 21. Qd2 Rxe1+ 22. Qxe1 Qc6 23. Be3 Re8 24. Qd2 Re6 25. Re1 Bd5 26. Re2 Qc4 27. h3 Rc6 28. Bf4 Qxc3 29. Qxc3 Rxc3 30. h4 Rc4 31. Rd2 Kh7 32. Kf2 c6 33. Bd6 Kg6 34. Bf8 a5 35. a3 Rc3 36. h5+ Kxh5 37. Bxg7 Rxa3 38. Bf8 Ra1 39. Ke3 a4 40. Kf4 a3 41. Rd3 Rf1+ 42. Ke5 f6+ 0-1

[Event "RUS-ch U20"]
[Site "Moscow"]
[Date "2023.04.22"]
[Round "4"]
[White "Grebnev, Aleksey"]
[Black "Shchukin, Maksim"]
[Result "1-0"]
[WhiteElo "2483"]
[BlackElo "2371"]
[PlyCount "69"]
[EventDate "2023.04.19"]
[EventType "tourn"]
[EventRounds "9"]
[EventCountry "RUS"]
[EventCategory "9"]
[SourceTitle "CBM 213 Extra"]
[Source "ChessBase"]
[SourceDate "2023.05.31"]
[SourceVersion "1"]
[SourceVersionDate "2023.05.31"]
[SourceQuality "1"]

1. d4 Nf6 2. c4 c6 3. Nc3 d5 4. Nf3 e6 5. e3 Nbd7 6. Be2 Bd6 7. 0-0 0-0 8. b3 b6 9. Bb2 Bb7 10. Qc2 Qe7 11. Rfe1 Rfe8 12. e4 dxe4 13. Nxe4 Nxe4 14. Qxe4 Nf6 15. Qc2 c5 16. d5 exd5 17. Bd3 Ne4 18. cxd5 f5 19. Rad1 a6 20. a4 Rad8 21. Bc4 Qf7 22. Qd3 a5 23. Qb1 Re7 24. h3 h6 25. Ne5 Qe8 26. Nc6 Bxc6 27. dxc6+ Kh7 28. Rd5 g6 29. Qd3 Nf6 30. Rxd6 Rxe1+ 31. Kh2 Rxd6 32. Qxd6 Ng8 33. c7 Qc8 34. Bf7 Ne7 35. Qf6 1-0

[Event "RUS-ch U20"]
[Site "Moscow"]
[Date "2023.04.21"]
[Round "3"]
[White "Shchukin, Maksim"]
[Black "Makarian, Rudik"]
[Result "0-1"]
[WhiteElo "2371"]
[BlackElo "2547"]
[PlyCount "66"]
[EventDate "2023.04.19"]
[EventType "tourn"]
[EventRounds "9"]
[EventCountry "RUS"]
[EventCategory "9"]
[SourceTitle "CBM 213 Extra"]
[Source "ChessBase"]
[SourceDate "2023.05.31"]
[SourceVersion "1"]
[SourceVersionDate "2023.05.31"]
[SourceQuality "1"]

1. c4 g6 2. Nf3 Bg7 3. g3 d6 4. Bg2 Nf6 5. 0-0 0-0 6. d4 c6 7. Nc3 Bf5 8. Nh4 Be6 9. d5 cxd5 10. cxd5 Bd7 11. Be3 a5 12. Rc1 Na6 13. Qb3 b5 14. Nxb5 a4 15. Qd3 Nb4 16. Qc4 Nfxd5 17. Bxd5 Nxd5 18. Qxd5 Ra5 19. b3 Rxb5 20. Qd3 axb3 21. axb3 Qb8 22. Qe4 Re8 23. Nf3 Rxb3 24. Nd4 Rb4 25. Qd3 Qb7 26. Rfd1 Rb8 27. Qd2 h5 28. Nf3 Bc6 29. Nd4 Ba4 30. Re1 h4 31. f3 Qd5 32. Rc8+ Rxc8 33. Qxb4 Rc4 0-1

[Event "RUS-ch U20"]
[Site "Moscow"]
[Date "2023.04.20"]
[Round "2"]
[White "Khubukshanov, Erdem"]
[Black "Shchukin, Maksim"]
[Result "1-0"]
[WhiteElo "2388"]
[BlackElo "2371"]
[PlyCount "72"]
[EventDate "2023.04.19"]
[EventType "tourn"]
[EventRounds "9"]
[EventCountry "RUS"]
[EventCategory "9"]
[SourceTitle "CBM 213 Extra"]
[Source "ChessBase"]
[SourceDate "2023.05.31"]
[SourceVersion "1"]
[SourceVersionDate "2023.05.31"]
[SourceQuality "1"]

1. e4 c6 2. d4 d5 3. e5 Bf5 4. h4 h6 5. g4 Be4 6. f3 Bh7 7. e6 Qd6 8. exf7+ Kxf7 9. f4 Nf6 10. Nf3 Nxg4 11. Bh3 h5 12. Ne5+ Ke8 13. Bxg4 hxg4 14. Qxg4 Be4 15. Qc8+ Qd8 16. Qe6 Qd6 17. Qf7+ Kd8 18. Rg1 Nd7 19. Nc3 Qb4 20. Bd2 Bxc2 21. Nxd5 Nxe5 22. Nxb4 Nxf7 23. Nxc2 Rxh4 24. 0-0-0 e6 25. Bb4 Bxb4 26. Rxg7 Ke7 27. Nxb4 Rxf4 28. Nd3 Rf5 29. Re1 Rd8 30. Nc5 Rxd4 31. Nxe6 Rc4+ 32. Kb1 Kf6 33. Rgg1 Rf2 34. Ng7 Ng5 35. Ne8+ Kg6 36. Re5 Rcc2 1-0

[Event "Chigorin Memorial 29th"]
[Site "St Petersburg"]
[Date "2022.10.30"]
[Round "9"]
[White "Shchukin, Maksim"]
[Black "Getman, Tatyana"]
[Result "1/2-1/2"]
[WhiteElo "2409"]
[BlackElo "2119"]
[PlyCount "119"]
[EventDate "2022.10.22"]
[EventType "swiss"]
[EventRounds "9"]
[EventCountry "RUS"]
[SourceTitle "EXT 2024"]
[Source "ChessBase"]
[SourceDate "2023.10.10"]
[SourceVersion "1"]
[SourceVersionDate "2023.10.10"]
[SourceQuality "1"]

1. c4 e6 2. e4 c5 3. Nf3 Nc6 4. d4 cxd4 5. Nxd4 Nf6 6. Nc3 Bb4 7. Nxc6 dxc6 8. Qxd8+ Kxd8 9. e5 Nd7 10. Bf4 h6 11. h4 Bxc3+ 12. bxc3 b6 13. h5 Ba6 14. Rh4 Rg8 15. 0-0-0 Ke7 16. Bg3 c5 17. Rg4 g5 18. hxg6 fxg6 19. Bd3 g5 20. Rh1 Rh8 21. f4 Bb7 22. Rh2 Rag8 23. Kd2 Kd8 24. Be2 Nxe5 25. fxe5 h5 26. Rxg5 Rxg5 27. Bh4 Rhg8 28. Bxh5 Kc7 29. Bxg5 Rxg5 30. g4 Bf3 31. Kd3 Bxg4 32. Bxg4 Rxg4 33. Rh7+ Kc6 34. Re7 Rg3+ 35. Ke4 Rg4+ 36. Kd3 Rg3+ 37. Kc2 Rg6 38. a4 a5 39. Kd2 Rh6 40. Ke3 Rh3+ 41. Kf4 Rh4+ 42. Kg5 Rxc4 43. Rxe6+ Kd5 44. Kf5 Rxc3 45. Rd6+ Kc4 46. Rxb6 Re3 47. Ke6 Kd4 48. Rd6+ Kc3 49. Kd5 c4 50. e6 Rd3+ 51. Kc6 Re3 52. Kd7 Kb3 53. e7 c3 54. Rb6+ Ka3 55. Rc6 Rd3+ 56. Kc7 Re3 57. Kd7 Rd3+ 58. Kc8 Re3 59. Rc7 Kxa4 60. Kd8 1/2-1/2

[Event "Chigorin Memorial 29th"]
[Site "St Petersburg"]
[Date "2022.10.26"]
[Round "5"]
[White "Goganov, Aleksey"]
[Black "Shchukin, Maksim"]
[Result "1/2-1/2"]
[WhiteElo "2526"]
[BlackElo "2409"]
[PlyCount "212"]
[EventDate "2022.10.22"]
[EventType "swiss"]
[EventRounds "9"]
[EventCountry "RUS"]
[SourceTitle "EXT 2024"]
[Source "ChessBase"]
[SourceDate "2023.10.10"]
[SourceVersion "1"]
[SourceVersionDate "2023.10.10"]
[SourceQuality "1"]

1. e4 c6 2. d4 d5 3. e5 Bf5 4. Nf3 e6 5. Be2 Ne7 6. 0-0 Bg6 7. Nbd2 Nd7 8. Nh4 Nf5 9. Nxg6 hxg6 10. Nf3 Be7 11. g3 c5 12. c3 Rc8 13. dxc5 Bxc5 14. Bd3 a6 15. Qe2 Qb6 16. Bf4 Be7 17. Rac1 Nc5 18. Bb1 0-0 19. b3 Qb5 20. c4 dxc4 21. Rxc4 Nd7 22. Bd3 Rxc4 23. Bxc4 Qa5 24. g4 Nh6 25. h3 Nb6 26. Rd1 Rc8 27. Bg5 Qb4 28. Bxe7 Qxe7 29. Rd4 Rd8 30. Qd2 Rxd4 31. Qxd4 Nxc4 32. bxc4 f6 33. exf6 gxf6 34. Nd2 f5 35. c5 fxg4 36. hxg4 Qh4 37. f3 Qg3+ 38. Kf1 Nf7 39. Qf6 Qh3+ 40. Ke2 Qh2+ 41. Kd3 Qe5 42. Qxg6+ Kf8 43. Qe4 Qxc5 44. Qxe6 Ne5+ 45. Ke4 Nc6 46. Qf5+ Qxf5+ 47. Kxf5 b5 48. Kg6 a5 49. Kh7 a4 50. g5 b4 51. g6 Ne7 52. Nc4 Nf5 53. f4 Ng7 54. Kh6 Nf5+ 55. Kg5 Nd4 56. f5 a3 57. f6 Ne6+ 58. Kh6 b3 59. Nxa3 bxa2 60. Nc2 Kg8 61. Na1 Nd8 62. Nb3 Ne6 63. Na1 Nd8 64. Kg5 Ne6+ 65. Kf5 Nc5 66. Ke5 Kf8 67. Kd5 Nd7 68. Ke6 Nc5+ 69. Kf5 Kg8 70. Kf4 Kf8 71. Kg5 Ne4+ 72. Kf5 Nc5 73. Nc2 Nd7 74. Kg5 Kg8 75. Na1 Nc5 76. Kh6 Ne6 77. Nb3 Nd8 78. Kg5 Nc6 79. Kf5 Kf8 80. Ke4 Na5 81. Na1 Nc6 82. Kd5 Nd8 83. Nb3 Nb7 84. Na1 Ke8 85. Nc2 Nd8 86. Na1 Nb7 87. Nb3 Nd8 88. Kd6 Nb7+ 89. Ke6 Nd8+ 90. Kf5 Kf8 91. Kg5 Ne6+ 92. Kg4 Nd8 93. Kf3 Nc6 94. Ke4 Nd8 95. Kd5 Ke8 96. Na1 Nb7 97. Nc2 Nd8 98. Kd6 Nb7+ 99. Kc6 Nd8+ 100. Kd5 Nb7 101. Kc4 Nd6+ 102. Kb3 Ne4 103. f7+ Kf8 104. Kxa2 Nd6 105. Nd4 Nxf7 106. gxf7 Kxf7 1/2-1/2

[Event "Chigorin Memorial Blitz"]
[Site "St Petersburg"]
[Date "2022.10.21"]
[Round "4"]
[White "Yurasov, Matfey"]
[Black "Shchukin, Maksim"]
[Result "1/2-1/2"]
[WhiteElo "1976"]
[BlackElo "2409"]
[PlyCount "122"]
[EventDate "2022.10.21"]
[EventType "swiss (blitz)"]
[EventRounds "11"]
[EventCountry "RUS"]
[SourceTitle "EXT 2024"]
[Source "ChessBase"]
[SourceDate "2023.10.10"]
[SourceVersion "1"]
[SourceVersionDate "2023.10.10"]
[SourceQuality "1"]

1. Nf3 Nf6 2. c4 c6 3. g3 d5 4. Bg2 Bf5 5. 0-0 e6 6. d4 h6 7. Nc3 Nbd7 8. Nd2 Be7 9. e4 dxe4 10. Ndxe4 Nxe4 11. Nxe4 0-0 12. Be3 Nf6 13. Nc3 Qa5 14. Qb3 Qb4 15. Qxb4 Bxb4 16. Rfd1 Rfd8 17. a3 Ba5 18. b4 Bb6 19. Na4 Bc2 20. Nxb6 axb6 21. Rdc1 Be4 22. f3 Bf5 23. a4 Rac8 24. a5 b5 25. Bf1 bxc4 26. Bxc4 Nd5 27. Bd2 Nc7 28. Be3 Nd5 29. Bd2 Nc7 30. Be3 Kf8 31. Kf2 Nd5 32. Bd2 Nc7 33. Be3 Ke7 34. g4 Bg6 35. h4 h5 36. gxh5 Bxh5 37. Rg1 Bg6 38. h5 Bxh5 39. Rxg7 Bg6 40. Bg5+ Kf8 41. Bf6 Ne8 42. Bxd8 Kxg7 43. Bg5 Nd6 44. Be2 Nb5 45. Bf4 f6 46. Bxb5 cxb5 47. Rc1 Rc4 48. Rxc4 bxc4 49. b5 Be8 50. a6 bxa6 51. bxa6 Bc6 52. a7 Kg6 53. Ke3 Bd5 54. Bc7 Kf7 55. Ba5 Ke7 56. Bb4+ Kd7 57. Bc5 Kc7 58. f4 Kb7 59. Kd2 Ka6 60. Kc3 Kb7 61. Kb4 Ka6 1/2-1/2

[Event "RUS-ch Higher League 75th"]
[Site "Obninsk"]
[Date "2022.07.05"]
[Round "9"]
[White "Kryakvin, Dmitry"]
[Black "Shchukin, Maksim"]
[Result "1/2-1/2"]
[WhiteElo "2524"]
[BlackElo "2361"]
[PlyCount "52"]
[EventDate "2022.06.26"]
[EventType "swiss"]
[EventRounds "9"]
[EventCountry "RUS"]
[SourceTitle "CBM 209 Extra"]
[Source "ChessBase"]
[SourceDate "2022.09.30"]
[SourceVersion "1"]
[SourceVersionDate "2022.09.30"]
[SourceQuality "1"]

1. c4 Nf6 2. Nf3 e6 3. Nc3 c5 4. g3 Nc6 5. Bg2 d5 6. cxd5 Nxd5 7. 0-0 Be7 8. d4 0-0 9. Nxd5 exd5 10. dxc5 Bxc5 11. Qd3 h6 12. b3 Qf6 13. Bd2 Be6 14. Bc3 d4 15. Bb2 Rfd8 16. Nd2 Bb6 17. Nc4 Bxc4 18. Qxc4 Rac8 19. Rac1 Qf5 20. Qa4 Re8 21. Bf3 Rcd8 22. Kg2 d3 23. Bg4 Qd5+ 24. Bf3 Qf5 25. Bg4 Qd5+ 26. Bf3 Qf5 1/2-1/2

[Event "RUS-ch Higher League 75th"]
[Site "Obninsk"]
[Date "2022.07.02"]
[Round "6"]
[White "Shchukin, Maksim"]
[Black "Makarian, Rudik"]
[Result "1-0"]
[WhiteElo "2361"]
[BlackElo "2534"]
[PlyCount "97"]
[EventDate "2022.06.26"]
[EventType "swiss"]
[EventRounds "9"]
[EventCountry "RUS"]
[SourceTitle "CBM 209 Extra"]
[Source "ChessBase"]
[SourceDate "2022.09.30"]
[SourceVersion "1"]
[SourceVersionDate "2022.09.30"]
[SourceQuality "1"]

1. Nf3 e6 2. g3 b5 3. Bg2 Bb7 4. a4 b4 5. 0-0 Nf6 6. d3 d5 7. Nbd2 Be7 8. e4 0-0 9. e5 Nfd7 10. Qe2 c5 11. c4 bxc3 12. bxc3 Nc6 13. c4 Nb4 14. Bb2 Rb8 15. Ne1 Kh8 16. f4 f5 17. exf6 Bxf6 18. Bxf6 Qxf6 19. Nef3 Bc6 20. Nb3 Nxd3 21. Qxd3 dxc4 22. Qxc4 Bd5 23. Qc2 Rxb3 24. Ne5 Rb7 25. Rad1 Nb6 26. Bxd5 exd5 27. Qxc5 Nxa4 28. Qxd5 Qb6+ 29. Qd4 Nc3 30. Qxb6 axb6 31. Rd3 Rc7 32. Rd7 Rfc8 33. Rxc7 Rxc7 34. Ra1 Rc8 35. Ra7 Rb8 36. Nd7 Nb5 37. Ra1 Rd8 38. Nxb6 g6 39. Ra5 Nc3 40. Ra7 Rd2 41. Nd7 Nd5 42. Ra8+ Kg7 43. Re8 Kf7 44. Re1 h6 45. Ne5+ Kf6 46. Ng4+ Kg7 47. Nf2 Nf6 48. Re7+ Kf8 49. Re6 1-0

[Event "St Petersburg-ch 95th"]
[Site "St Petersburg"]
[Date "2022.03.21"]
[Round "7"]
[White "Shubin, Kirill"]
[Black "Shchukin, Maksim"]
[Result "1-0"]
[WhiteElo "2473"]
[BlackElo "2289"]
[PlyCount "77"]
[EventDate "2022.03.15"]
[EventType "swiss"]
[EventRounds "9"]
[EventCountry "RUS"]
[SourceTitle "CBM 207 Extra"]
[Source "ChessBase"]
[SourceDate "2022.05.31"]
[SourceVersion "1"]
[SourceVersionDate "2022.05.31"]
[SourceQuality "1"]

1. e4 e5 2. Nf3 Nc6 3. Bb5 a6 4. Ba4 Nf6 5. 0-0 Be7 6. Re1 b5 7. Bb3 0-0 8. a4 b4 9. a5 d6 10. d3 Be6 11. Nbd2 Bxb3 12. Nxb3 d5 13. Qe2 d4 14. Nfd2 Nd7 15. Nc4 Bg5 16. Rf1 Bxc1 17. Raxc1 Qg5 18. g3 Rad8 19. Kh1 Qe7 20. f4 f6 21. f5 Rb8 22. g4 g5 23. Ncd2 Rb5 24. h4 h6 25. hxg5 hxg5 26. Kg2 Kg7 27. Rh1 Rbb8 28. Nf1 Rh8 29. Ng3 Rxh1 30. Rxh1 Rh8 31. Nh5+ Kf7 32. Qd1 Rb8 33. Ng3 Kg7 34. Rh3 Nd8 35. Qh1 Nf8 36. Rh6 Nf7 37. Rg6+ Nxg6 38. fxg6 Nh6 39. Nf5+ 1-0

[Event "St Petersburg-ch 95th"]
[Site "St Petersburg"]
[Date "2022.03.19"]
[Round "5"]
[White "Shchukin, Maksim"]
[Black "Chyndygyr, Tamerlan"]
[Result "1-0"]
[WhiteElo "2289"]
[BlackElo "2413"]
[PlyCount "87"]
[EventDate "2022.03.15"]
[EventType "swiss"]
[EventRounds "9"]
[EventCountry "RUS"]
[SourceTitle "CBM 207 Extra"]
[Source "ChessBase"]
[SourceDate "2022.05.31"]
[SourceVersion "1"]
[SourceVersionDate "2022.05.31"]
[SourceQuality "1"]

1. Nf3 d5 2. b3 Nf6 3. Bb2 c6 4. g3 e6 5. Bg2 Be7 6. 0-0 0-0 7. d3 b6 8. Nbd2 Bb7 9. c4 Nbd7 10. e4 dxe4 11. dxe4 Nc5 12. e5 Nfd7 13. Qe2 a5 14. Nd4 Qc7 15. Rae1 a4 16. b4 a3 17. Ba1 Na6 18. b5 cxb5 19. Nxb5 Qb8 20. Ne4 Nac5 21. Ned6 Bxg2 22. Kxg2 Nb7 23. Qf3 Bxd6 24. exd6 Nbc5 25. Qg4 Qb7+ 26. Kg1 g6 27. Re3 Ra4 28. h4 f6 29. h5 Kf7 30. Nc3 Rb4 31. Ne2 Re8 32. hxg6+ hxg6 33. Nf4 Nf8 34. Bxf6 Kxf6 35. Rf3 Kg7 36. Nh5+ Kh8 37. Nf6 Rc8 38. Kg2 Ncd7 39. Rh1+ Kg7 40. Nxd7 Nxd7 41. Qxe6 Qxf3+ 42. Kxf3 Rf8+ 43. Kg2 Nf6 44. d7 1-0

[Event "Chigorin Memorial 28th"]
[Site "St Petersburg"]
[Date "2021.10.31"]
[Round "9"]
[White "Babanin, Gleb"]
[Black "Shchukin, Maksim"]
[Result "0-1"]
[WhiteElo "2094"]
[BlackElo "2199"]
[PlyCount "66"]
[EventDate "2021.10.23"]
[EventType "swiss"]
[EventRounds "9"]
[EventCountry "RUS"]
[SourceTitle "EXT 2023"]
[Source "ChessBase"]
[SourceDate "2022.10.05"]
[SourceVersion "1"]
[SourceVersionDate "2022.10.05"]
[SourceQuality "1"]

1. e4 c5 2. Nf3 e6 3. d4 cxd4 4. Nxd4 a6 5. c4 Nc6 6. Nc3 Bb4 7. Be2 Nf6 8. Nxc6 bxc6 9. e5 Ne4 10. Bd2 Nxd2 11. Qxd2 f6 12. a3 Ba5 13. c5 Bc7 14. exf6 Qxf6 15. g3 0-0 16. f4 e5 17. f5 e4 18. 0-0 Qe5 19. Bc4+ Kh8 20. b4 d5 21. cxd6 Bb6+ 22. Kh1 Bxf5 23. Na4 e3 24. Qe2 Bd4 25. Rad1 Be4+ 26. Kg1 Rf2 27. Rxf2 exf2+ 28. Kf1 Rf8 29. Qg4 Bf5 30. Qh4 Be6 31. Bd3 h6 32. Nc5 Bxc5 33. bxc5 Qd5 0-1

[Event "Chigorin Memorial 28th"]
[Site "St Petersburg"]
[Date "2021.10.30"]
[Round "8"]
[White "Shchukin, Maksim"]
[Black "Faizrakhmanov, Ramil"]
[Result "0-1"]
[WhiteElo "2199"]
[BlackElo "2483"]
[PlyCount "128"]
[EventDate "2021.10.23"]
[EventType "swiss"]
[EventRounds "9"]
[EventCountry "RUS"]
[SourceTitle "EXT 2023"]
[Source "ChessBase"]
[SourceDate "2022.10.05"]
[SourceVersion "1"]
[SourceVersionDate "2022.10.05"]
[SourceQuality "1"]

1. e4 c6 2. Nc3 d5 3. Nf3 dxe4 4. Nxe4 Nf6 5. Nxf6+ exf6 6. Bc4 Bd6 7. Qe2+ Qe7 8. Qxe7+ Kxe7 9. d4 Be6 10. Bd3 Re8 11. Be3 Nd7 12. c4 Kf8 13. 0-0-0 Rac8 14. Kb1 Bg4 15. h3 Bxf3 16. gxf3 g6 17. c5 Bb8 18. b4 Kg7 19. Bc4 Rcd8 20. Kc2 f5 21. d5 Ne5 22. Bd4 Kf8 23. Bxe5 Bxe5 24. dxc6 bxc6 25. Ba6 Rd4 26. Rxd4 Bxd4 27. Bb7 Rb8 28. Rd1 Bxc5 29. bxc5 Rxb7 30. Rd6 Re7 31. Kd3 Re6 32. Rd8+ Kg7 33. Rc8 h5 34. Rc7 a6 35. Ra7 Re5 36. Rxa6 Rxc5 37. Ke2 Rc1 38. Ra3 f4 39. Ra4 g5 40. Ra6 Kf6 41. a4 Ke5 42. Ra7 f6 43. Rc7 Kd4 44. Rd7+ Kc4 45. Rd6 c5 46. Rxf6 Rc2+ 47. Kf1 Kb4 48. h4 gxh4 49. Rxf4+ c4 50. Rxh4 Rd2 51. a5 Ra2 52. a6 Kb3 53. Rxh5 c3 54. Rb5+ Kc4 55. Rb8 c2 56. Kg2 Rxa6 57. Rc8+ Kd3 58. Rd8+ Kc3 59. Rc8+ Kd2 60. Rd8+ Kc1 61. Rc8 Ra3 62. Kg3 Kd2 63. Kg4 Rc3 64. Rd8+ Ke2 0-1

[Event "Chigorin Memorial 28th"]
[Site "St Petersburg"]
[Date "2021.10.23"]
[Round "1"]
[White "Preobrazhenskaya, Diana"]
[Black "Shchukin, Maksim"]
[Result "0-1"]
[WhiteElo "1764"]
[BlackElo "2199"]
[PlyCount "130"]
[EventDate "2021.10.23"]
[EventType "swiss"]
[EventRounds "9"]
[EventCountry "RUS"]
[SourceTitle "EXT 2023"]
[Source "ChessBase"]
[SourceDate "2022.10.05"]
[SourceVersion "1"]
[SourceVersionDate "2022.10.05"]
[SourceQuality "1"]

1. e4 c6 2. c4 e5 3. Nf3 Qc7 4. Nc3 d6 5. d4 Nf6 6. Be2 Be7 7. 0-0 0-0 8. Bg5 Nbd7 9. dxe5 dxe5 10. Nh4 Nc5 11. Nf5 Rd8 12. Qc2 Ne6 13. Bh4 Nd4 14. Nxd4 exd4 15. Bg3 Bd6 16. Nb1 Bxg3 17. hxg3 Qe5 18. Bf3 Nd7 19. Nd2 Nc5 20. Nb3 d3 21. Qc3 Qxc3 22. bxc3 Na4 23. Rfc1 Be6 24. Na5 Rd7 25. Rab1 Nc5 26. e5 Rad8 27. Rd1 Re7 28. Rd2 h6 29. Kf1 g5 30. g4 Kg7 31. g3 Bc8 32. Re1 f6 33. exf6+ Kxf6 34. Rxe7 Kxe7 35. Nb3 Na4 36. Be4 Nxc3 37. Bxd3 Bxg4 38. Nc5 b6 39. Rc2 Nd1 40. Be2 Bf5 41. Rc1 Nxf2 42. Kxf2 bxc5 43. Ke3 Kf6 44. g4 Be6 45. Rh1 Kg7 46. Rb1 Rd4 47. Rb7+ Kf6 48. Rc7 Bd7 49. a4 a5 50. Bf3 Ke5 51. Ra7 Bxg4 52. Bxc6 Rxc4 53. Rxa5 Be6 54. Ra8 h5 55. a5 Rc3+ 56. Kd2 Ra3 57. a6 h4 58. Bb7 h3 59. Re8 Kd6 60. Rh8 g4 61. Rh6 g3 62. Bc8 g2 63. Rxe6+ Kc7 64. Re1 h2 65. Bb7 g1Q 0-1